000 00728cab a2200217 4500
001 X3745
008 090401t1996 xxu||||| |||| 00| 0 eng d
035 _a(Sirsi) u32490
041 _aeng
245 _aDivisions to `adopt` new specialisms
260 _c1996
350 _a0
490 _aCSM (Chartered Surveyor Monthly)
_v5(11) September 1996, 4(1)
520 _aThe RICS general council has endorsed proposals to accommodate non-traditional disciplines such as facilities management within the RICS divisional structure.
650 _aFACILITIES MANAGEMENT
_96240
650 _aRICS
650 _aSPECIALISMS
690 _aMANAGEMENT-BUSINESS MANAGEMENT-PROFESSIONAL PRACTICE
942 _n0
948 _c04/03/1997
999 _c21754
_d21754